| Tag |
First Indicator |
Second Indicator |
Subfields |
| LEADER |
00000pam a2200000 a 4500 |
| 001 |
in00000082304 |
| 005 |
20151008061125.0 |
| 008 |
810701s1982 nyua 00110 eng |
| 010 |
|
|
|a 81011402
|
| 020 |
|
|
|a 0471091448 (v. 1)
|
| 020 |
|
|
|a 0471091456 (v. 2)
|
| 035 |
|
|
|a (OCoLC)07597446
|
| 035 |
|
|
|9 AAJ7355AM
|
| 039 |
0 |
|
|a 2
|b 3
|c 3
|d 3
|e 3
|
| 040 |
|
|
|a DLC
|c DLC
|d TXA
|d UtOrBLW
|
| 049 |
|
|
|a TXAM
|v 1 [1362290]
|v 2 [1362291]
|
| 050 |
0 |
0 |
|a QC122
|b .D47 1982
|
| 082 |
0 |
|
|a 531
|2 19
|
| 100 |
1 |
|
|a Desloge, Edward A.,
|d 1926-
|
| 245 |
1 |
0 |
|a Classical mechanics /
|c Edward A. Desloge.
|
| 264 |
|
1 |
|a New York :
|b Wiley,
|c [1982]
|
| 264 |
|
4 |
|c ©1982
|
| 300 |
|
|
|a 2 volumes (xviii, 991, 12 pages) :
|b illustrations ;
|c 24 cm.
|
| 336 |
|
|
|a text
|b txt
|2 rdacontent
|
| 337 |
|
|
|a unmediated
|b n
|2 rdamedia
|
| 338 |
|
|
|a volume
|b nc
|2 rdacarrier
|
| 500 |
|
|
|a "A Wiley-Interscience publication."
|
| 500 |
|
|
|a Includes index.
|
| 650 |
|
0 |
|a Mechanics.
|
| 999 |
|
|
|a MARS
|
| 999 |
f |
f |
|s bbfe91ed-dd98-3f06-9551-82973c16b795
|i 39a50983-fa76-3948-a671-3f443d654c9d
|t 0
|
| 952 |
f |
f |
|p normal
|a Texas A&M University
|b College Station
|c Sterling C. Evans Library
|d Evans: Library Stacks
|t 0
|e QC122 .D47 1982
|h Library of Congress classification
|i unmediated -- volume
|k v.2
|m A14806207453
|
| 952 |
f |
f |
|p normal
|a Texas A&M University
|b College Station
|c Sterling C. Evans Library
|d Evans: Library Stacks
|t 0
|e QC122 .D47 1982
|h Library of Congress classification
|i unmediated -- volume
|k v.1
|m A14806207445
|
| 998 |
f |
f |
|a QC122 .D47 1982
|s v.1-v.2
|t 0
|l Evans: Library Stacks
|